Narrativität in der Sozialethik : Eine paradigmatische Erkundung im Hinblick auf die Management Studies /

In diesem Buch wird erprobt, was ein narrationstheoretischer Ansatz für eine Christliche Sozialethik leisten kann. Konkret wird dies vor dem Hintergrund der stil- und bewusstseinsprägenden Paradigmen der Mainstream Management Studies erarbeitet, die zu sozialen und ökologischen Fehlentwicklungen in...

Full description

Saved in:

Main Author: Bachmann, Claudius (Author)

Format: eBook

Language: English
German

Published: Paderborn : Ferdinand Schöningh, Brill Deutschland, 2025.

Series: Gesellschaft - Ethik - Religion ; 25.
Schöningh, Fink and mentis Religious Studies, Theology and Philosophy E-Books Online, Collection 2025.

Subjects:

Online Access: Login to view Source

Tags: Add Tag

No Tags, Be the first to tag this record!

Call Number: BT77

LEADER 02968nam a22005058i 4500
001 BRILL9783657797042
003 nllekb
005 20250818030512.0
006 m d
007 cr un uuuua
008 250606s2025 gw sb 001 0 eng d
020 |a 9783657797042  |q (electronic book) 
020 |z 9783506797049  |q (print) 
024 7 |a 10.30965/9783657797042  |2 DOI 
035 |z (OCoLC)1472210630 
040 |a NL-LeKB  |c NL-LeKB  |e rda 
041 |a ger 
050 4 |a BT77 
072 7 |a HRAM1  |2 bicssc 
072 7 |a PHI  |x 005000  |2 bisacsh 
072 7 |a PHI  |x 022000  |2 bisacsh 
072 7 |a REL  |x 028000  |2 bisacsh 
082 0 4 |a 230  |2 23 
100 1 |a Bachmann, Claudius,  |e author. 
245 1 0 |a Narrativität in der Sozialethik :  |b Eine paradigmatische Erkundung im Hinblick auf die Management Studies /  |c Claudius Bachmann. 
246 3 |a Eine paradigmatische Erkundung im Hinblick auf die Management Studies 
264 1 |a Paderborn :  |b Ferdinand Schöningh, Brill Deutschland,  |c 2025. 
264 4 |c ©2025 
300 |a 1 online resource (480 pages) :  |b illustrations. 
336 |a text  |b txt  |2 rdacontent 
337 |a computer  |b c  |2 rdamedia 
338 |a online resource  |2 rdacarrier 
490 1 |a Gesellschaft - Ethik - Religion ;  |v 25 
490 1 |a Schöningh, Fink and mentis Religious Studies, Theology and Philosophy E-Books Online, Collection 2025 
504 |a Includes bibliographical references and index. 
520 |a In diesem Buch wird erprobt, was ein narrationstheoretischer Ansatz für eine Christliche Sozialethik leisten kann. Konkret wird dies vor dem Hintergrund der stil- und bewusstseinsprägenden Paradigmen der Mainstream Management Studies erarbeitet, die zu sozialen und ökologischen Fehlentwicklungen in Wirtschaft und Gesellschaft beitragen. Der Studie liegt die These zugrunde, dass der Narrativität des Ethischen auch sozialethisch programmatische Bedeutung zukommt, dem ,narrative turn' der Human-, Sozial- und Kulturwissenschaften bisher jedoch in der Christlichen Sozialethik zu wenig Aufmerksamkeit gewidmet wurde. Die Untersuchung will das Potenzial narrationstheoretischer Forschung für die Christliche Sozialethik auf einer anthropologischen, sozialtheoretischen und moralphilosophischen Ebene herausarbeiten und mit Bezug auf die Management Studies exemplarisch fruchtbar machen. 
546 |a German 
588 |a Description based on print version record. 
650 0 |a Theology and World Christianity. 
776 0 8 |i Print version:  |t Narrativität in der Sozialethik : Eine paradigmatische Erkundung im Hinblick auf die Management Studies.  |d Paderborn : Ferdinand Schöningh, Brill Deutschland, 2025.  |z 9783506797049 
830 0 |a Gesellschaft - Ethik - Religion ;  |v 25. 
830 0 |a Schöningh, Fink and mentis Religious Studies, Theology and Philosophy E-Books Online, Collection 2025. 
856 4 |z DOI:   |u http://dx.doi.org/10.30965/9783657797042 
942 |2 lcc  |c EBOOK 
999 |c 61037  |d 61037